00550 a2200205 4500260001200000100001600012260001500028245004900043300001600092650001800108650001500126260000900141300000900150130000700159250001300166690002300179020001800202999001700220952010700237 aLondres aDOXEY, D.L. bB. Tindall aClinical pathology and diagnostic procedures aviii-320 p. aSANTE ANIMALE aPATHOLOGIE c1983 bill. lEn a2e éd. aPathologie animale a0 7020 0956 3 c22650d22650 00104070aBIDOCbBIDOCd0000-00-00l0oPA.1983.023r2009-02-28 00:00:00t1w2009-02-28yLIVRzA.3518